1241 1255 1239 1814 1855 2000 1336 1374 1295 1717 1022 1689 1131 1353 1762 1281 1330 1756 1831 1288 1774 1026 1199 1228 1199 1466 1233 1284 1041 1065 1649 1805 1884 1549 1130 1400 1126 1014 1828 1820 1188 1248 1440 1786 1169 1284 1198 1798 1651 1796 1184 1685 1623 1637 1942 1477 1742 1552 1257 1665 1188 1244 1038 1469 1389 1470 1460 1884 1853 1533 1977 1924 1735 1902 1813 1418 1515 1388 1704 1242 1121 1666 1866 1665 1070 1513 1208 1766 1913 1935 1233 1727 1014 1301 1973 1812 1255 1676 1028 BCNSPRNW ULIB Ver.6.0+V

เปลี่ยนเป็นภาษาไทย

Change to English
 แสดงรายละเอียดบรรณานุกรม
  กลับหน้าหลัก

Brief Record : Get Marc (ISO 2709) : E-mail record : QR code < ปิดหน้าต่าง
LEADER : 00000nam 2200000uu 4500
001    13399113565
003     ULIB
008    111128s2551||||th 000 0 tha d
020    ^a9789741062065
090    ^aนว.^bA111ร 2551
100 0  ^aThe Little Finger
245 00 ^aเรือนรักที่พักใจ/^cAndra
250    ^aพิมพ์ครั้งที่ 2
260    ^aกรุงเทพฯ :^bแจ่มใส,^c2551
300    ^a346 หน้า
710 1  ^aแจ่มใส
945    ^p219^l0^i15324
995    ^aกัณชพร
999    ^aใช้งานได้ทุกระบบ
รายการนี้ยังไม่มีแท็ก
คุณยังไม่ได้ล็อกอิน คุณสามารถมีกิจกรรมร่วมกับเว็บไซต์ได้ แต่ต้องล็อกอินก่อน ::
  ล็อกอิน

รายการสื่อสารสนเทศ

ลำดับที่ ประเภท เลขเรียก/บาร์โค้ด สถานที่ สถานะ
1. นวนิยาย
นวนิยาย
นว. A111ร 2551  
  Barcode: 15324
ห้องสมุดวิทยาเขตสวรรค์ประชารักษ์
►นวนิยาย
บนชั้น
  ขอยืม

รายการใกล้เคียง
    ผู้แต่ง [The Little Finger]

BibComment


ยังไม่เคยถูกคอมเมนท์

คอมเมนท์ทรัพยากรรายการนี้
  คอมเมนท์: เรือนรักที่พักใจ..


 Copyright 2026. Bcnsprnw @Library